| 000 | 00345nam a22001457a 4500 | ||
|---|---|---|---|
| 020 | _qPB. | ||
| 040 | _cFIZZA ISHAQ | ||
| 082 |
_2005.758 _bOZS |
||
| 100 |
_aOZSU, TAMER M. _991665 |
||
| 245 |
_aED PROCOPAL OF DISTRIBUTE DATA / _cM. TAMER OZSU. |
||
| 250 | _a4th ED. | ||
| 260 |
_bSPRINGER, _c2011. |
||
| 300 | _a674 P. ; | ||
| 942 |
_2ddc _cBK |
||
| 999 |
_c589812 _d589812 |
||